| 000 | 00738nam a2200181 i 4500 | ||
|---|---|---|---|
| 001 | 146150 | ||
| 003 | ES-MaACL | ||
| 005 | 20230909063121.0 | ||
| 007 | t| | ||
| 008 | 201022s1877 sp |||| | spa d | ||
| 100 | 1 |
_aBalart, Federico, _d1831-1905 _924824 |
|
| 245 | 1 | 3 |
_aEl respingo _b: contestación a la memoria escrita por el Excmo. Sr. D. Antonio Guerola, y premiada por la Sociedad Protectora de los Animales y las Plantas de Cádiz ... contra las corridas de toros / _cpor Un aficionado. |
| 260 |
_a[S.l.] : _b[s.n.], _c1877 ( _eBarcelona : _fImp. de Jaime Jepús) |
||
| 300 |
_a32 p. ; _c27 cm. |
||
| 650 | 4 |
_aCorridas de toros- _xAspectos morales. _9141536 |
|
| 852 |
_aES-MaACL _jT-383-F-8 |
||
| 999 |
_c146150 _d146150 |
||